Brazil squad Copa America 2024 - Statistics

General Stats
  • This quiz has been taken 69 times
  • The average score is 11 of 27
Answer Stats
Hint Answer % Correct
GK Alisson
98%
MF Ederson
96%
FW Vinícius Junior
88%
DF Marquinhos
76%
DF Éder Militão
73%
FW Raphinha
73%
DF Danilo
71%
FW Endrick
57%
MF Bruno Guimarães
55%
DF Gabriel Magalhães
55%
DF Bremer
51%
MF Lucas Paquetá
49%
FW Gabriel Martinelli
45%
GK Bento
33%
Manager Dorival Júnior
33%
MF Douglas Luiz
31%
DF Lucas Beraldo
27%
FW Rodrygo Goes
22%
DF Guilherme Arana
20%
FW Sávio
20%
FW Evanilson
16%
MF João Gomes
14%
MF Andreas Pereira
12%
DF Yan Couto
12%
FW Pepê
8%
GK Rafael
8%
DF Wendell
8%
No matching quizzes found
Score Distribution
Percent of People with Each Score
Percentile by Number Answered
Your Score History
You have not taken this quiz